[Event "Medellin Sub zt 2.3.2"]
[Site "Medellin"]
[Date "2025.04.17"]
[Round "6"]
[White "Marin Flores, Alferath Jose"]
[Black "Gonzalez Velasco, Leandro"]
[Result "0-1"]
[WhiteElo "1911"]
[BlackElo "2091"]
[PlyCount "108"]
[EventDate "2025.04.14"]
[EventType "swiss"]
[EventRounds "9"]
[EventCountry "COL"]
[SourceTitle "CB18_2025"]
[SourceDate "2025.04.30"]
[SourceVersion "1"]
[SourceVersionDate "2025.04.30"]
[SourceQuality "1"]

1. e4 c5 2. Nf3 d6 3. d4 cxd4 4. Nxd4 Nf6 5. Nc3 Nc6 6. Nd5 Nxd5 7. exd5 Qa5+ 8. Bd2 Qxd5 9. Nb5 Qe6+ 10. Be2 Qd7 11. c4 e6 12. Bf4 e5 13. Be3 Be7 14. Qd2 0-0 15. 0-0 b6 16. Rad1 Ba6 17. f4 Rad8 18. f5 Bxb5 19. cxb5 Nd4 20. Bxd4 exd4 21. Qxd4 d5 22. Qd3 Bf6 23. b3 Rfe8 24. Bf3 Re5 25. Rfe1 Rxe1+ 26. Rxe1 g6 27. Rd1 d4 28. Be4 Kg7 29. Rf1 Qd6 30. g3 Re8 31. fxg6 hxg6 32. Rf2 Re5 33. Rc2 Qb4 34. Kf2 Bg5 35. Rc7 Be3+ 36. Kg2 Re6 37. Bd5 Rf6 38. Rxa7 Rf2+ 39. Kh3 Qf8 40. Qe4 Qh8+ 41. Qh4 Qc8+ 42. g4 Qb8 43. Qxf2 Bxf2 44. Rxf7+ Kh6 45. Rxf2 Qe5 46. Bc4 d3 47. Kg2 Qe4+ 48. Kg3 d2 49. Be2 Qxe2 50. Rxe2 d1Q 51. Kf2 Kg5 52. h3 Kf4 53. a4 Qxb3 54. Kg2 Qf3+ 0-1